1196 1953 1859 1172 1849 1914 1128 1821 1377 1395 1061 1961 1288 1061 1167 1141 1862 1959 1685 1129 1088 1410 1648 1425 1522 1470 1581 1943 1554 1527 1896 1085 1763 1477 1175 1981 1649 1481 1621 1321 1727 1726 1222 1177 1672 1498 1373 1324 1628 1584 1406 1067 1954 1352 1456 1718 1465 1491 1111 1464 1372 1350 1546 1882 1474 1977 1029 1936 1593 1558 1961 1231 1719 1113 1390 1613 1540 1508 1638 1259 1856 1993 1280 1868 1215 1921 1702 1602 1875 1251 1293 1027 1829 1919 1926 1578 1413 1666 1499 BCNSPRNW ULIB Ver.6.0+V

เปลี่ยนเป็นภาษาไทย

Change to English
 แสดงรายละเอียดบรรณานุกรม
  กลับหน้าหลัก

Brief Record : Get Marc (ISO 2709) : E-mail record : QR code < ปิดหน้าต่าง
LEADER : 00000nam 2200000uu 4500
001    13399124511
003     ULIB
008    150817s2556 th a 000 0 tha d
020    9789749804193
020    9789749804198
090    นว.^bล158บ ล.1
100    ล่อร่า อิงกัลล์ส์ ไวล์เดอร์;^eผู้แต่ง
245    บ้านเล็กในป่าใหญ่/^cล่อร่า อิงกัลล์ส์ ไวล์เดอร์. ; เขียน ,สุคนธรส. ; แปล
250    พิมพ์ครั้งที่ 17
260    กรุงเทพฯ :^bแพรวเยาวชน,^c2556
300    150 หน้า;^b18.5 ซม.
500    หนังสือชุดบ้านเล็ก
700    สุคนธรส ;^eแปล
945    ^p115^l0^i039772
999    ^aทศพร
รายการนี้ยังไม่มีแท็ก
คุณยังไม่ได้ล็อกอิน คุณสามารถมีกิจกรรมร่วมกับเว็บไซต์ได้ แต่ต้องล็อกอินก่อน ::
  ล็อกอิน

รายการสื่อสารสนเทศ

ลำดับที่ ประเภท เลขเรียก/บาร์โค้ด สถานที่ สถานะ
1. นวนิยาย
นวนิยาย
นว. ล158บ ล.1 ฉ.1 
  Barcode: 039772
ห้องสมุดวิทยาเขตสวรรค์ประชารักษ์
►นวนิยาย
บนชั้น
  ขอยืม

BibComment


ยังไม่เคยถูกคอมเมนท์

คอมเมนท์ทรัพยากรรายการนี้
  คอมเมนท์: บ้านเล็กในป่าใหญ่..


 Copyright 2026. Bcnsprnw @Library